| 000 | 00418nam a2200157 a 4500 | ||
|---|---|---|---|
| 001 | 2984 | ||
| 003 | CDMR | ||
| 005 | 20130524095907.0 | ||
| 008 | 130130s1992||||||||||||||||||||||||||||d | ||
| 040 |
_aCDMR _bcat _cCPC GIRONA |
||
| 100 | 1 |
_aCarrillo, Marc _9335 |
|
| 245 | 1 | 2 |
_aO segredo profesional dos xornalistas _cCarrillo, Marc |
| 260 |
_c1992 _bLea |
||
| 650 | 0 | 4 |
_93087 _aSecret professional _xPeriodisme |
| 942 |
_cMON _2udc |
||
| 999 |
_c2984 _d2984 |
||